[Event "Heusenstamm Sparkassen op 11th"]
[Site "Heusenstamm"]
[Date "2024.11.22"]
[Round "3"]
[White "Donecker, Stefan"]
[Black "Dorfner, Jeremias"]
[Result "0-1"]
[WhiteElo "1803"]
[BlackElo "1882"]
[PlyCount "108"]
[EventDate "2024.11.21"]
[EventType "swiss"]
[EventRounds "7"]
[EventCountry "GER"]
[SourceTitle "CB51_2024"]
[SourceDate "2024.12.18"]
[SourceVersion "1"]
[SourceVersionDate "2024.12.18"]
[SourceQuality "1"]

1. Nc3 Nf6 2. e4 d6 3. d3 g6 4. g3 e5 5. Bg2 Bg7 6. Nge2 0-0 7. Bg5 h6 8. Bd2 Nc6 9. Qc1 Kh7 10. 0-0 Be6 11. f4 Qd7 12. f5 gxf5 13. exf5 Bxf5 14. Nd5 Nxd5 15. Rxf5 Nde7 16. Rf2 f5 17. c3 Rab8 18. Qc2 Nd8 19. d4 e4 20. Raf1 d5 21. g4 Ng8 22. gxf5 Bf6 23. Bh3 Rf7 24. Kh1 Rg7 25. Rg1 Rxg1+ 26. Nxg1 Nf7 27. Qd1 Ng5 28. Bf1 Rf8 29. h4 Nf7 30. Qg4 Nh8 31. Nh3 Qg7 32. Ng5+ hxg5 33. hxg5 Bxg5 34. Bxg5 Nf7 35. Qh4+ Ngh6 36. Be7 Qg4 37. Qh2 Rg8 38. Be2 Qg3 39. Qxg3 Rxg3 40. Kh2 Rg8 41. Kh3 Ng5+ 42. Bxg5 Rxg5 43. Kh4 Rxf5 44. Rg2 Rf7 45. Rh2 Kg7 46. Bh5 Rf4+ 47. Kg3 Rf5 48. Bd1 Nf7 49. a4 a5 50. b4 axb4 51. cxb4 Nd6 52. b5 Rf6 53. Rc2 Nf5+ 54. Kh3 Rh6+ 0-1